| 000 | 01059cam a2200337 i 4500 | ||
|---|---|---|---|
| 001 | 3163031 | ||
| 003 | OSt | ||
| 005 | 20210420053646.0 | ||
| 008 | 760212s1976 ctu b 001 0 eng | ||
| 010 | _a 75035346 | ||
| 020 |
_a0837185904 : _c$12.95 |
||
| 040 |
_aDLC _cDLC _dDLC |
||
| 043 | _an-us--- | ||
| 050 | 0 | 0 |
_aR745 _b.K36 |
| 060 | _aW18 K21a | ||
| 080 |
_a61(09) _bK-24 |
||
| 082 | 0 | 0 | _a610/.7/1173 |
| 100 | 1 | _aKaufman, Martin, | |
| 245 | 1 | 0 |
_aAmerican medical education : _bthe formative years, 1765-1910 / _cMartin Kaufman. |
| 260 |
_aWestport, Conn. : _bGreenwood Press, _c1976. |
||
| 300 |
_ax, 208 p. ; _c22 cm. |
||
| 500 | _aIncludes index. | ||
| 504 | _aBibliography: p. 183-197. | ||
| 650 | 0 |
_aMedical education _zUnited States _xHistory. |
|
| 650 | 2 |
_aHistory of medicine, modern _zUnited States. |
|
| 650 | 2 |
_aEducation, medical _xHistory _zUnited States. |
|
| 653 | _aმედიცინის ისტორია | ||
| 700 |
_9346 _aKaufman, Martin |
||
| 906 |
_a7 _bcbc _corignew _d1 _eocip _f19 _gy-gencatlg |
||
| 942 |
_2udc _cBK |
||
| 999 |
_c439 _d439 |
||